Documents Fenosa (Record no. 85792)

MARC details
000 -LEADER
campo de control de longitud fija 01378cam a2200373za 4500
001 - NÚMERO DE CONTROL
campo de control 85792
003 - IDENTIFICADOR DE NÚMERO DE CONTROL
campo de control SpMaBN
005 - FECHA Y HORA DE LA ÚLTIMA TRANSACCIÓN
campo de control 20260310151453.0
007 - CAMPO FIJO DE DESCRIPCIÓN FÍSICA--INFORMACIÓN GENERAL
campo de control de longitud fija ta
008 - DATOS DE LONGITUD FIJA--INFORMACIÓN GENERAL
campo de control de longitud fija 260310s2006 sp | ||| ||fre
016 7# - NÚMERO DE CONTROL DE UNA AGENCIA BIBLIOGRÁFICA NACIONAL
Número de control del registro bimoBNE20060978598
Fuente SpMaBN
017 ## - NÚMERO DE COPYRIGHT O DE DEPÓSITO LEGAL
Número de copyright o de depósito legal B 7636-2006
Agencia que asigna Oficina Depósito Legal Barcelona
020 ## - NÚMERO INTERNACIONAL ESTÁNDAR DEL LIBRO
Número Internacional Estándar del Libro 8434310813
035 ## - NÚMERO DE CONTROL DEL SISTEMA
Número de control de sistema (OCoLC)733706743
035 ## - NÚMERO DE CONTROL DEL SISTEMA
Número de control de sistema (SpMaBN)bimo0002134013
040 ## - FUENTE DE CATALOGACIÓN
Centro catalogador/agencia de origen SpMaBN
Lengua de catalogación spa
Centro/agencia transcriptor SpMaBN
Normas de descripción rdc
Centro/agencia modificador M-RABA
080 ## - NÚMERO DE LA CLASIFICACIÓN DECIMAL UNIVERSAL
Número de la Clasificación Decimal Universal 929 Fenosa, Apel·les
080 ## - NÚMERO DE LA CLASIFICACIÓN DECIMAL UNIVERSAL
Número de la Clasificación Decimal Universal 73 Fenosa, Apel·les
245 00 - MENCIÓN DEL TÍTULO
Título Documents Fenosa
Medio [Texto impreso]
Mención de responsabilidad, etc. une sélection établie par = a choise realized by Nicole Fenosa, Bertrand Tillier
260 ## - PUBLICACIÓN, DISTRIBUCIÓN, ETC.
Lugar de publicación, distribución, etc. Barcelona
Nombre del editor, distribuidor, etc. : Polígrafa
Fecha de publicación, distribución, etc. , [2006]
300 ## - DESCRIPCIÓN FÍSICA
Extensión 189 p.
Otras características físicas ; principalmente il.
Dimensiones , 28 cm
500 ## - NOTA GENERAL
Nota general Cronología: p. 182-1988. Índice
546 ## - NOTA DE IDIOMA
Nota de lengua/lenguaje Texto en francés e inglés
594 ## - NOTA AL TÍT. Y MENCIÓN DE RESPONSABILIDAD
Nota general En la port.: Fundació Apel·les Fenosa
600 17 - PUNTO DE ACCESO ADICIONAL DE MATERIA--NOMBRE DE PERSONA
Nombre de persona Fenosa, Apel·les
Fechas asociadas al nombre 1899-1988
Fuente del encabezamiento o término embne
9 (RLIN) 54337
700 1# - ENTRADA AGREGADA--NOMBRE PERSONAL
Nombre de persona Fenosa, Nicole
9 (RLIN) 40269
700 1# - ENTRADA AGREGADA--NOMBRE PERSONAL
Nombre de persona Tillier, Bertrand
9 (RLIN) 40270
852 ## - LOCALIZACIÓN
Ubicación M-RABA
Número de control de estantería I-1818
942 ## - ELEMENTOS DE ENTRADA SECUNDARIOS (KOHA)
Tipo de ítem Koha Fondo moderno
Suprimir en OPAC No
956 ## - LOCALIZACIÓN Y ACCESO ELECTRÓNICOS LOCAL (OCLC)
Nombre del host 2
980 ## - EQUIVALENCIA O REFERENCIA-CRUZADA-MENCIÓN DE SERIE--NOMBRE DE PERSONA/TÍTULO [LOCAL, CANADÁ]
Nombre de persona B 7636-2006
-- 84-343-1081-3
-- SpMaBN
Numeración BNALCALA
Calificador de atribución 12/389328
Títulos y otros términos asociados al nombre SG_PETANTI
980 ## - EQUIVALENCIA O REFERENCIA-CRUZADA-MENCIÓN DE SERIE--NOMBRE DE PERSONA/TÍTULO [LOCAL, CANADÁ]
Nombre de persona B 7636-2006
-- 84-343-1081-3
-- SpMaBN
Numeración BNALCALA
Títulos y otros términos asociados al nombre SG_PETANTI
Calificador de atribución AHMO/225578
980 ## - EQUIVALENCIA O REFERENCIA-CRUZADA-MENCIÓN DE SERIE--NOMBRE DE PERSONA/TÍTULO [LOCAL, CANADÁ]
Nombre de persona B 7636-2006
-- 84-343-1081-3
-- SpMaBN
Numeración BNALCALA
Calificador de atribución DL/1508553
Títulos y otros términos asociados al nombre CONSERVACI
Holdings
Estatus retirado Estado de pérdida Fuente de la clasificación o esquema de estantería Estado de daño No para préstamo Biblioteca de origen Biblioteca actual Ubicación en estantería Fecha de adquisición Número de inventario Total de préstamos Signatura topográfica completa Código de barras Visto por última vez Precio de reemplazo Tipo de ítem Koha
    Clasificación Decimal Dewey     Real Academia de la Bellas Artes de San Fernando Real Academia de la Bellas Artes de San Fernando Depósito 2 10/03/2026 47154   I-1818 1096888 10/03/2026 10/03/2026 Fondo moderno

Powered by Koha